| 000 | 00432nam a2200157 i 4500 | ||
|---|---|---|---|
| 001 | 37888 | ||
| 003 | ES-MaACL | ||
| 005 | 20230906155646.0 | ||
| 007 | t| | ||
| 008 | 030224s1931 fr ||||1| fre d | ||
| 100 | 1 |
_aCahen, Leon. _933440 |
|
| 245 | 1 | 0 |
_aEsquisse d'histoire de l'Orient et de la Grece / _cLeon Cahen. |
| 260 |
_aParis : _bPresses Universitaires, _c1931. |
||
| 300 |
_a220 p. ; _c19 cm. |
||
| 852 |
_aES-MaACL _jB-12319 |
||
| 999 |
_c37888 _d37888 |
||